Trayectoria sindicalista / (Record no. 18068)

MARC details
000 -LEADER
campo de control de longitud fija 01040nam a2200313 i 4500
001 - NÚMERO DE CONTROL
campo de control 18068
003 - IDENTIFICADOR DE NÚMERO DE CONTROL
campo de control ES-MaACL
005 - FECHA Y HORA DE LA ÚLTIMA TRANSACCIÓN
campo de control 20251009172044.0
007 - CAMPO FIJO DE DESCRIPCIÓN FÍSICA--INFORMACIÓN GENERAL
campo de control de longitud fija t|
008 - DATOS DE LONGITUD FIJA--INFORMACIÓN GENERAL
campo de control de longitud fija 010917s1974 sp ||||1| spa d
020 ## - NÚMERO INTERNACIONAL ESTÁNDAR DEL LIBRO
Número Internacional Estándar del Libro 84-7273-056-3
080 ## - NÚMERO DE LA CLASIFICACIÓN DECIMAL UNIVERSAL
Número de la Clasificación Decimal Universal 331.105.44(460)"19"
080 ## - NÚMERO DE LA CLASIFICACIÓN DECIMAL UNIVERSAL
Número de la Clasificación Decimal Universal 329(460) Partido Sindicalista de España
080 ## - NÚMERO DE LA CLASIFICACIÓN DECIMAL UNIVERSAL
Número de la Clasificación Decimal Universal 929 Pestaña, Angel
100 1# - ENTRADA PRINCIPAL--NOMBRE DE PERSONA
Nombre de persona Pestaña, Angel,
Fechas asociadas al nombre 1886-1937
9 (RLIN) 91455
245 10 - MENCIÓN DEL TÍTULO
Título Trayectoria sindicalista /
Mención de responsabilidad, etc. Angel Pestaña ; prólogo de Antonio Elorza.
260 ## - PUBLICACIÓN, DISTRIBUCIÓN, ETC.
Lugar de publicación, distribución, etc. Madrid :
Nombre del editor, distribuidor, etc. Ediciones Tebas,
Fecha de publicación, distribución, etc. [1974]
300 ## - DESCRIPCIÓN FÍSICA
Extensión 880 p. ;
Dimensiones 22 cm.
490 1# - MENCIÓN DE SERIE
Mención de serie Historia política
500 ## - NOTA GENERAL
Nota general Biblioteca Juan Andrade.
600 14 - PUNTO DE ACCESO ADICIONAL DE MATERIA--NOMBRE DE PERSONA
Nombre de persona Pestaña, Angel,
Fechas asociadas al nombre 1886-1937
9 (RLIN) 91455
610 27 - PUNTO DE ACCESO ADICIONAL DE MATERIA--NOMBRE DE ENTIDAD CORPORATIVA
Nombre de entidad corporativa o nombre de jurisdicción como elemento de entrada Partido Sindicalista de España.
9 (RLIN) 6153
650 14 - PUNTO DE ACCESO ADICIONAL DE MATERIA--TÉRMINO DE MATERIA
Término de materia o nombre geográfico como elemento de entrada Sindicalismo-
Subdivisión geográfica España-
Subdivisión de forma Historia.
9 (RLIN) 17112
700 1# - ENTRADA AGREGADA--NOMBRE PERSONAL
Nombre de persona Elorza, Antonio,
Fechas asociadas al nombre 1943-
9 (RLIN) 47089
830 0# - PUNTO DE ACCESO ADICIONAL DE SERIE-TÍTULO UNIFORME
Título uniforme Historia política
9 (RLIN) 183303
852 ## - LOCALIZACIÓN
Ubicación ES-MaACL
Número de control de estantería AND-79
Sublocalización o colección R.109405
852 ## - LOCALIZACIÓN
Ubicación ES-MaACL
Número de control de estantería E-6287
Sublocalización o colección R.90849
Holdings
Estatus retirado Estado de pérdida Estado de daño No para préstamo Biblioteca de origen Biblioteca actual Ubicación en estantería Fecha de adquisición Fuente de adquisición Total de préstamos Signatura topográfica completa Código de barras Visto por última vez Precio de reemplazo Tipo de ítem Koha
        Biblioteca del Ateneo de Madrid Biblioteca del Ateneo de Madrid Depósito 2 17/01/2008     E-6287 1018464 23/02/2023 23/02/2023 Libro impreso
        Biblioteca del Ateneo de Madrid Biblioteca del Ateneo de Madrid Depósito 2 17/01/2008     AND-79 1018463 23/02/2023 23/02/2023 Libro impreso